000
00407nam a22001217a 4500
040
_c
HS
082
_a
634
100
_a
អ៊ុក ស៊ីផាន
245
_a
សារពើភ័ណ្ឌ និង ការវាស់វែងព្រៃឈើ Practical guidelines on forest inventory and measurement
260
_a
Cambodia
_b
អ៊ុក ស៊ីផាន
_c
2004
300
_a
97p;
942
_c
KB
999
_c
9179
_d
9179